| 000 | 00804nam a22002297a 4500 | ||
|---|---|---|---|
| 005 | 20250110110631.0 | ||
| 010 | _aENG-143293 | ||
| 020 |
_c3600.00 _a9788119448081 |
||
| 035 | _aEN-126825 | ||
| 037 | _bDBAD | ||
| 082 | _a027.4 | ||
| 245 |
_aRole of Public Libraries in Changing Society: _bChallenges and opportunities/ _cEdited By Bibhash Kumar Mishra...[et.al] |
||
| 250 | _a1 | ||
| 260 |
_aNew Delhi _bShree Publishers & Distributors _c2024 |
||
| 270 |
_bNew Delhi _a4637/20, Ansari Road, Darya Ganj _e110002 |
||
| 300 |
_axii,324p. _c24cm(hb) |
||
| 700 |
_aMishra, Bibhash Kumar _eEditor _976321 |
||
| 700 |
_aMalviya, Rama Nand _eEditor _976322 |
||
| 700 |
_aJha, Anand Anjali _eEditor _976323 |
||
| 700 |
_aDwivedi, Manoj Kumar _eEditor _976324 |
||
| 942 |
_2ddc _cEN _h027.4 _mROL |
||
| 999 |
_c208351 _d208351 |
||